ՀՀ Գիտությունների ազգային ակադեմիայի հիմնարար գիտական գրադարան  =   Fundamental Scientific Library of NAS RA

Щорс : (Record no. 454099)

MARC details
000 -LEADER
fixed length control field 00834nam a2200217 a 4500
003 - CONTROL NUMBER IDENTIFIER
control field AM-YEHGA
040 ## - CATALOGING SOURCE
Original cataloging agency AM-YeHGA
090 ## - LOCALLY ASSIGNED LC-TYPE CALL NUMBER (OCLC); LOCAL CALL NUMBER (RLIN)
-- 457081
005 - DATE AND TIME OF LATEST TRANSACTION
control field 20250617160500.0
008 - FIXED-LENGTH DATA ELEMENTS--GENERAL INFORMATION
fixed length control field 180420s1939 ru c||||r|||||000|0arus||
041 0# - LANGUAGE CODE
Language code of text/sound track or separate title rus
100 1# - MAIN ENTRY--PERSONAL NAME
Personal name Герасимов, Евгений Николаевич
245 10 - TITLE STATEMENT
Title Щорс :
Remainder of title [1918-1919 гг.] : [Биографический повесть] /
Statement of responsibility, etc. Е. Герасимов, М. Эрлих.
260 ## - PUBLICATION, DISTRIBUTION, ETC.
Place of publication, distribution, etc. Москва :
Name of publisher, distributor, etc. Художественная литература,
Date of publication, distribution, etc. 1939.
300 ## - PHYSICAL DESCRIPTION
Extent 236 с. :
Other physical details портр. ;
Dimensions 18 см.
600 14 - SUBJECT ADDED ENTRY--PERSONAL NAME
Personal name Щорс, Николай Александрович
650 14 - SUBJECT ADDED ENTRY--TOPICAL TERM
Topical term or geographic name entry element История СССР
653 0# - INDEX TERM--UNCONTROLLED
Uncontrolled term Гражданская война - 1918 г.
700 1# - ADDED ENTRY--PERSONAL NAME
Personal name Эрлих, Михаил Маркович
942 ## - ADDED ENTRY ELEMENTS (KOHA)
Source of classification or shelving scheme Universal Decimal Classification
Koha item type Գրքեր / Books
Holdings
Withdrawn status Lost status Damaged status Not for loan Collection Home library Current library Date acquired Total checkouts Full call number Barcode Date last seen Price effective from Koha item type Public note
        General Fundamental Scientific Library Fundamental Scientific Library 03/11/2020   РД I/13087 FL0628706 03/11/2020 03/11/2020 Գրքեր / Books 30 Days Loan


ՀՀ ԳԱԱ հիմնարար գիտական գրադարան
ՀՀ,Երևան 0019
Մարշալ Բաղրամյան 24/6
հեռախոս:(374-10) 52-47-50
Հետադարձ կապ

All site content, except where otherwise noted, is licensed under a
Creative Commons License